[Event "FRA-chT1 0910"]
[Site "France"]
[Date "2009.12.13"]
[Round "7.7"]
[White "Monsieux, Sebastien"]
[Black "Forestier, Flavien"]
[Result "1-0"]
[WhiteElo "2106"]
[BlackElo "2182"]
[PlyCount "39"]
[EventDate "2009.09.27"]
[EventType "team-tourn"]
[EventRounds "11"]
[EventCountry "FRA"]
[SourceTitle "EXT 2011"]
[Source "ChessBase"]
[SourceDate "2010.11.26"]
[SourceVersion "1"]
[SourceVersionDate "2010.11.26"]
[SourceQuality "1"]

1. d4 Nf6 2. c4 c5 3. d5 b5 4. cxb5 a6 5. bxa6 g6 6. Nc3 Bxa6 7. f4 Bg7 8. Nf3 0-0 9. e4 Bxf1 10. Rxf1 d6 11. Rf2 Nfd7 12. Re2 Na6 13. e5 h6 14. g4 Nb6 15. e6 f5 16. gxf5 gxf5 17. Rg2 Kh7 18. Ng5+ hxg5 19. Qh5+ Kg8 20. Qxg5 1-0

[Event "FRA-chT1 0910"]
[Site "France"]
[Date "2009.10.18"]
[Round "3.5"]
[White "Hamdouchi, Adina Maria"]
[Black "Monsieux, Sebastien"]
[Result "1-0"]
[WhiteElo "2314"]
[BlackElo "2115"]
[PlyCount "55"]
[EventDate "2009.09.27"]
[EventType "team-tourn"]
[EventRounds "11"]
[EventCountry "FRA"]
[SourceTitle "EXT 2011"]
[Source "ChessBase"]
[SourceDate "2010.11.26"]
[SourceVersion "1"]
[SourceVersionDate "2010.11.26"]
[SourceQuality "1"]

1. d4 f5 2. Bg5 c6 3. c3 Qb6 4. Qc2 d6 5. h3 g6 6. g4 Bg7 7. Nd2 Nf6 8. f3 Be6 9. e4 fxe4 10. fxe4 Nbd7 11. Ngf3 0-0-0 12. Be3 Qc7 13. 0-0-0 Rhf8 14. Be2 Bg8 15. Rhf1 Nb6 16. c4 Nbd7 17. Qa4 Kb8 18. Kb1 c5 19. d5 Nb6 20. Qc2 Nfd7 21. h4 Ne5 22. Nxe5 Bxe5 23. Nf3 Bg7 24. h5 Nd7 25. Bd2 Nf6 26. Nh4 Bf7 27. Bc3 Bh8 28. g5 1-0

[Event "FRA-chT1A 0809"]
[Site "France"]
[Date "2009.03.15"]
[Round "9.3"]
[White "Collas, Didier"]
[Black "Monsieux, Sebastien"]
[Result "1/2-1/2"]
[WhiteElo "2451"]
[BlackElo "2094"]
[PlyCount "44"]
[EventDate "2008.10.19"]
[EventType "tourn"]
[EventRounds "11"]
[EventCountry "FRA"]
[SourceTitle "EXT 2010"]
[Source "ChessBase"]
[SourceDate "2010.11.25"]
[SourceVersion "1"]
[SourceVersionDate "2010.11.25"]
[SourceQuality "1"]
[WhiteTeam "Hyeres"]
[BlackTeam "Belfort"]
[WhiteTeamCountry "FRA"]
[BlackTeamCountry "FRA"]

1. c4 g6 2. e4 Bg7 3. d4 c6 4. Nc3 d6 5. Be3 Nf6 6. f3 0-0 7. Qd2 a6 8. Bd3 b5 9. Nge2 Nbd7 10. 0-0 e5 11. Rfd1 Rb8 12. c5 dxc5 13. dxc5 Qe7 14. b4 Re8 15. Bc2 Nf8 16. Qd6 Bd7 17. a4 Ne6 18. axb5 axb5 19. Ra7 Rbd8 20. Qxe7 Rxe7 21. Bb3 Ree8 22. Kf2 Bc8 1/2-1/2

[Event "FRA-chT1A 0809"]
[Site "France"]
[Date "2008.12.14"]
[Round "5.4"]
[White "Larrat, Philippe"]
[Black "Monsieux, Sebastien"]
[Result "1-0"]
[WhiteElo "2170"]
[BlackElo "2094"]
[PlyCount "85"]
[EventDate "2008.10.19"]
[EventType "tourn"]
[EventRounds "11"]
[EventCountry "FRA"]
[SourceTitle "EXT 2010"]
[Source "ChessBase"]
[SourceDate "2010.11.25"]
[SourceVersion "1"]
[SourceVersionDate "2010.11.25"]
[SourceQuality "1"]
[WhiteTeam "Creteil"]
[BlackTeam "Belfort"]
[WhiteTeamCountry "FRA"]
[BlackTeamCountry "FRA"]

1. e4 g6 2. d4 Bg7 3. Nc3 c6 4. h3 d5 5. Nf3 dxe4 6. Nxe4 Nd7 7. Bd3 Ngf6 8. 0-0 Nxe4 9. Bxe4 Nf6 10. Bd3 0-0 11. Re1 b6 12. c3 Bb7 13. Bg5 Rc8 14. Qe2 e6 15. Rad1 Qc7 16. Ne5 Nd5 17. c4 Nb4 18. Bf4 Nxd3 19. Qxd3 Qe7 20. c5 Rfd8 21. Qa3 Ba8 22. Qe3 Rd5 23. b4 Rcd8 24. Nf3 Qb7 25. Be5 a5 26. a3 axb4 27. axb4 bxc5 28. Bxg7 Kxg7 29. bxc5 Qc7 30. Ne5 Bb7 31. Ng4 Rh5 32. Ra1 Rdd5 33. Ne5 Rf5 34. g4 Rfxe5 35. dxe5 Qd8 36. Ra7 Rd3 37. Qf4 Qb8 38. Qf6+ Kg8 39. Ra4 Qc8 40. Rf4 Qd7 41. Re3 Rxe3 42. fxe3 Ba6 43. Rd4 1-0

[Event "FRA-chT1A 0809"]
[Site "France"]
[Date "2008.12.13"]
[Round "4.4"]
[White "Monsieux, Sebastien"]
[Black "Netzer, Jean"]
[Result "0-1"]
[WhiteElo "2094"]
[BlackElo "2366"]
[PlyCount "116"]
[EventDate "2008.10.19"]
[EventType "tourn"]
[EventRounds "11"]
[EventCountry "FRA"]
[SourceTitle "EXT 2010"]
[Source "ChessBase"]
[SourceDate "2010.11.25"]
[SourceVersion "1"]
[SourceVersionDate "2010.11.25"]
[SourceQuality "1"]
[WhiteTeam "Belfort"]
[BlackTeam "Bischwiller"]
[WhiteTeamCountry "FRA"]
[BlackTeamCountry "FRA"]

1. d4 d5 2. c4 dxc4 3. e3 Nf6 4. Bxc4 e6 5. Nf3 a6 6. 0-0 c5 7. dxc5 Qxd1 8. Rxd1 Bxc5 9. b3 Nbd7 10. Bb2 b6 11. Nbd2 Bb7 12. Rac1 0-0 13. Be2 Rfd8 14. Nc4 Nd5 15. Nfe5 Nxe5 16. Bxe5 Rac8 17. Bf3 Ba8 18. Rd2 f6 19. Bb2 b5 20. Na3 Bb4 21. Rxc8 Rxc8 22. Rc2 Rd8 23. Kf1 Kf7 24. Ke2 Ba5 25. Bxd5 Bxd5 26. f3 Rd7 27. Nb1 Bb7 28. Bc3 Bc7 29. h3 a5 30. Rd2 Ke7 31. Rxd7+ Kxd7 32. Be1 b4 33. Nd2 Ba6+ 34. Nc4 Bxc4+ 35. bxc4 Bd6 36. Kd3 a4 37. c5 Bxc5 38. Kc4 b3 39. axb3 axb3 40. Kb5 Bxe3 41. Kc4 h5 42. g4 hxg4 43. hxg4 Bf4 44. Kd3 Be5 45. Ke4 Bb2 46. Bb4 Kc6 47. Bf8 g6 48. Be7 Kb5 49. Kd3 Be5 50. Bf8 Kc6 51. Ke4 Bd6 52. Bg7 Be7 53. f4 Kd7 54. Bh6 Ke8 55. f5 exf5+ 56. gxf5 g5 57. Kd5 Kf7 58. Kc6 Bf8 0-1

[Event "FRA-chT1B 0708"]
[Site "France"]
[Date "2008.02.10"]
[Round "7.6"]
[White "Monsieux, Sebastien"]
[Black "Cursoux, Laurent"]
[Result "1/2-1/2"]
[WhiteElo "2106"]
[BlackElo "2243"]
[PlyCount "93"]
[EventDate "2007.10.21"]
[EventType "team-tourn"]
[EventRounds "11"]
[EventCountry "FRA"]
[SourceTitle "EXT 2009"]
[Source "ChessBase"]
[SourceDate "2008.11.26"]
[SourceVersion "1"]
[SourceVersionDate "2008.11.26"]
[SourceQuality "1"]
[WhiteTeam "Belfort"]
[BlackTeam "Avignon"]
[WhiteTeamCountry "FRA"]
[BlackTeamCountry "FRA"]

1. d4 Nf6 2. c4 c5 3. d5 b5 4. cxb5 a6 5. bxa6 Bxa6 6. Nc3 g6 7. f4 d6 8. Nf3 Bg7 9. e4 Bxf1 10. Rxf1 Nfd7 11. Qe2 0-0 12. Kf2 Na6 13. Kg1 Nb6 14. Kh1 Qd7 15. e5 Qb7 16. e6 f5 17. Ng5 Nc7 18. Qf3 Ra7 19. Qh3 h5 20. Ne2 Nbxd5 21. Ng3 Nf6 22. b3 Qd5 23. Bb2 Nxe6 24. Bxf6 Nxf4 25. Rxf4 Bxf6 26. Nxh5 gxh5 27. Qxh5 e6 28. Rg1 Rg7 29. Nh3 Rh7 30. Qg6+ Rg7 31. Qh5 Rh7 32. Qg6+ Kh8 33. Ng5 Rg7 34. Qh6+ Kg8 35. Nh3 Rh7 36. Qg6+ Bg7 37. Rf3 Rh6 38. Qg5 Rff6 39. Rgf1 Rhg6 40. Qh5 Rh6 41. Qe8+ Rf8 42. Qe7 Be5 43. Qg5+ Kh7 44. Qe7+ Kg8 45. Qg5+ Kh7 46. Qe7+ Kg8 47. Qg5+ 1/2-1/2

[Event "FRA-chT1B 0708"]
[Site "France"]
[Date "2007.11.25"]
[Round "3.5"]
[White "Fargere, Francois"]
[Black "Monsieux, Sebastien"]
[Result "1/2-1/2"]
[WhiteElo "2325"]
[BlackElo "2081"]
[PlyCount "69"]
[EventDate "2007.10.21"]
[EventType "team-tourn"]
[EventRounds "11"]
[EventCountry "FRA"]
[SourceTitle "EXT 2009"]
[Source "ChessBase"]
[SourceDate "2008.11.26"]
[SourceVersion "1"]
[SourceVersionDate "2008.11.26"]
[SourceQuality "1"]
[WhiteTeam "Mulhouse II"]
[BlackTeam "Belfort"]
[WhiteTeamCountry "FRA"]
[BlackTeamCountry "FRA"]

1. Nf3 g6 2. c4 Bg7 3. Nc3 c6 4. d4 d6 5. g3 Nf6 6. Bg2 0-0 7. 0-0 Qc7 8. h3 Nbd7 9. e4 e5 10. Re1 a6 11. Be3 b5 12. cxb5 axb5 13. a3 Qb7 14. dxe5 dxe5 15. b4 Re8 16. Nd2 Nb6 17. Bf1 Be6 18. Nb3 Bxb3 19. Qxb3 Na4 20. Bg2 Nd7 21. Nxa4 Rxa4 22. Rad1 Rea8 23. Bc1 Nf8 24. Bb2 Ne6 25. Rd2 Nd4 26. Qe3 Qa7 27. Rc1 Rxa3 28. Bxa3 Qxa3 29. Qxa3 Rxa3 30. Rb2 Bf8 31. Bf1 Ra4 32. Rcb1 Ra3 33. Rc1 Ra4 34. Rcb1 Ra3 35. Rc1 1/2-1/2

[Event "Vandoeuvre op"]
[Site "Vandoeuvre"]
[Date "2004.??.??"]
[Round "2"]
[White "Klipper, Sephora"]
[Black "Monsieux, Sebastien"]
[Result "0-1"]
[WhiteElo "1680"]
[BlackElo "2036"]
[PlyCount "50"]
[EventDate "2004.12.26"]
[EventType "swiss"]
[EventRounds "9"]
[EventCountry "FRA"]
[SourceTitle "CBM 104 Extra"]
[Source "ChessBase"]
[SourceDate "2005.03.01"]
[SourceVersion "1"]
[SourceVersionDate "2005.03.01"]
[SourceQuality "1"]

1. e4 e6 2. d4 d5 3. e5 c5 4. c3 Nc6 5. Nf3 Qb6 6. Bd3 Bd7 7. Bc2 cxd4 8. cxd4 Nb4 9. Nc3 Nxc2+ 10. Qxc2 Ne7 11. 0-0 Nc6 12. Be3 Rc8 13. a3 Na5 14. Nd2 Be7 15. Rab1 0-0 16. Qd1 f5 17. f4 Nc4 18. Nxc4 Rxc4 19. Qh5 Qc6 20. Qf3 b6 21. h3 Bxa3 22. g4 Bxb2 23. Rxb2 Rxc3 24. Rh2 Qc4 25. Re1 Qxd4 0-1

[Event "Vandoeuvre op"]
[Site "Vandoeuvre"]
[Date "2004.??.??"]
[Round "8"]
[White "Pucher, Sebastien"]
[Black "Monsieux, Sebastien"]
[Result "1/2-1/2"]
[WhiteElo "2162"]
[BlackElo "2036"]
[PlyCount "106"]
[EventDate "2004.12.26"]
[EventType "swiss"]
[EventRounds "9"]
[EventCountry "FRA"]
[SourceTitle "CBM 104 Extra"]
[Source "ChessBase"]
[SourceDate "2005.03.01"]
[SourceVersion "1"]
[SourceVersionDate "2005.03.01"]
[SourceQuality "1"]

1. e4 e6 2. d4 d5 3. Nd2 c5 4. exd5 Qxd5 5. Ngf3 cxd4 6. Bc4 Qd8 7. Nb3 Nc6 8. 0-0 Nf6 9. Nbxd4 Nxd4 10. Nxd4 a6 11. Bf4 Bc5 12. Nb3 Qxd1 13. Raxd1 Be7 14. a4 Bd7 15. Na5 b6 16. Nb7 0-0 17. Bd6 Bxd6 18. Rxd6 Rfc8 19. Be2 Bc6 20. Bf3 Bxf3 21. gxf3 Rab8 22. Rfd1 Kf8 23. Nd8 Rxc2 24. Nc6 Re8 25. b4 Nd5 26. Ne5 g6 27. a5 f6 28. Nc6 bxa5 29. Nd4 Ra2 30. Nxe6+ Kf7 31. Nd8+ Rxd8 32. Rxd8 Nxb4 33. R8d7+ Ke6 34. R7d6+ Ke5 35. Rb6 f5 36. h4 Kf4 37. Kg2 Nc2 38. Re6 g5 39. Re2 gxh4 40. Rdd2 Ne1+ 41. Kf1 Rxd2 42. Rxd2 Nxf3 43. Ra2 h3 44. Ra4+ Kg5 45. Rxa5 h5 46. Rxa6 h4 47. Ra4 Nd2+ 48. Kg1 f4 49. Ra2 Nf3+ 50. Kh1 Kg4 51. Ra3 Ng5 52. Kh2 Nf3+ 53. Kh1 Ng5 1/2-1/2